|
|
|
|
| LEADER |
01748nam a2200349 i 4500 |
| 001 |
29494 |
| 003 |
BD-DhAAL |
| 005 |
20150801115414.0 |
| 008 |
150801s2014 enkab b 001 0 eng |
| 010 |
|
|
|a 2013039540
|
| 020 |
|
|
|a 9780521760393 (hbk. : alk. paper)
|
| 020 |
|
|
|a 0521760399 (hbk. : alk. paper)
|
| 020 |
|
|
|a 9780521747431 (pbk. : alk. paper)
|
| 040 |
|
|
|a DLC
|b eng
|c DLC
|e rda
|d DLC
|d BD-DhAAL
|
| 042 |
|
|
|a pcc
|
| 043 |
|
|
|a e-it---
|
| 050 |
0 |
0 |
|a DG467
|b .D84 2014
|
| 082 |
0 |
0 |
|a 945
|2 23
|
| 100 |
1 |
|
|a Duggan, Christopher.
|9 13393
|
| 245 |
1 |
2 |
|a A concise history of Italy /
|c Christopher Duggan.
|
| 250 |
|
|
|a Second edition.
|
| 260 |
|
|
|a Cambridge ; New York :
|b Cambridge University Press,
|c c2014.
|
| 300 |
|
|
|a xxviii, 338 pages :
|b illustrations, maps ;
|c 22 cm.
|
| 490 |
0 |
|
|a Cambridge concise histories
|
| 504 |
|
|
|a Includes bibliographical references (pages 307-323) and index.
|
| 505 |
0 |
|
|a The geographical determinants of disunity -- Disunity and conflict: from the Romans to the Renaissance, 400-1494 -- Stagnation and reform, 1494-1789 -- The emergence of the national question, 1789-1849 -- Italy united -- The liberal state and the social question, 1870-1900 -- Giolitti, the First World War, and the rise of fascism -- Fascism -- The republic.
|
| 541 |
|
|
|e 29494
|
| 651 |
|
0 |
|a Italy
|x History.
|9 13394
|
| 942 |
|
|
|2 ddc
|c BK
|
| 999 |
|
|
|c 35114
|d 35114
|
| 952 |
|
|
|0 0
|1 0
|2 ddc
|4 0
|6 945_000000000000000_DUG
|7 0
|9 55054
|a BRACUL
|b BRACUL
|c GEN
|d 2015-08-01
|e Karim International
|l 2
|o 945 DUG
|p 3010029494
|r 2024-11-06
|s 2024-11-04
|t 1
|w 2015-08-01
|y BK
|
| 952 |
|
|
|0 0
|1 0
|2 ddc
|4 0
|6 945_000000000000000_DUG
|7 0
|9 55055
|a BRACUL
|b BRACUL
|c GEN
|d 2015-08-01
|e Karim International
|l 3
|m 31
|o 945 DUG
|p 3010029495
|r 2025-08-13
|s 2025-06-19
|t 2
|w 2015-08-01
|y BK
|